000
00282nam a2200121Ia 4500
008
240624s9999 xx 000 0 und d
041
_a
eng
082
_a
658.5752 ULR
100
_a
ULRICH KARL
245
_a
PRODUCT DESIGN AND DEVELOPMENT
260
_a
Education
365
_c
RS
_b
25
999
_c
30166
_d
30166